|
|
|
|
| LEADER |
00947cam a2200253 7i4500 |
| 001 |
0000089068 |
| 005 |
20250909090000.0 |
| 020 |
|
|
|a 9781394279609 (electronic book)
|
| 090 |
0 |
0 |
|a PN4797
|b .N82 2025
|
| 100 |
1 |
|
|a Nettles, Arionne
|
| 245 |
1 |
0 |
|a Journalism for dummies
|c by Arionne Nettles.
|
| 264 |
|
|
|a Hoboken, NJ:
|b John Wiley & Sons,
|c 2025.
|
| 300 |
|
|
|a 1 online resource (x, 307 pages):
|b text file, PDF.
|
| 336 |
|
|
|a text
|2 rdacontent
|
| 337 |
|
|
|a computer
|2 rdamedia
|
| 338 |
|
|
|a online resource
|2 rdacarrier
|
| 650 |
|
0 |
|a Journalism --
|x Study and teaching
|
| 650 |
|
0 |
|a Journalism --
|x Authorship
|
| 650 |
|
0 |
|a Journalism --
|x Vocational guidance
|
| 655 |
|
0 |
|a Electronic books
|
| 856 |
4 |
2 |
|u http://library.unisel.edu.my/web/guest/mylibrary
|
| 997 |
|
|
|a Communication, Visual Art & Computing, Faculty
|b Communication, Department
|
| 998 |
|
|
|a Communication (Journalism), Degree
|
| 999 |
|
|
|a EBO0026246
|b EBOOK
|c EBOOK
|e Electronic resources
|